Tender price rises slow (Record no. 73704)

MARC details
000 -LEADER
fixed length control field 01070cam a2200217 4500
001 - CONTROL NUMBER
control field WB3941-03
008 - FIXED-LENGTH DATA ELEMENTS--GENERAL INFORMATION
fixed length control field 031029n2003 000 0 eng u
035 ## - SYSTEM CONTROL NUMBER
System control number (Sirsi) u124170
245 ## - TITLE STATEMENT
Title Tender price rises slow
260 ## - PUBLICATION, DISTRIBUTION, ETC.
Date of publication, distribution, etc. 2003
490 ## - SERIES STATEMENT
Series statement RICS News Service
Volume/sequential designation 28 October 2003 (1)
520 ## - SUMMARY, ETC.
Summary, etc. The price of new construction work has been rising by less than the rate of inflation, according to the latest tender price index compiled by the Building Cost Information Service (BCIS). Public sector funding is expected to be the key force behind growth in new work output over the forecast period, with strong growth by new work output, before growth slows to a little below trend in 2004 and 2005. For further details contact Peter Rumble t +44 (0)20 7695 1500 e [email protected]. BCIS website http://www.bcis.co.uk.
590 ## - LOCAL NOTE (RLIN)
Local note WB
650 ## - SUBJECT ADDED ENTRY--TOPICAL TERM
Topical term or geographic name entry element CONSTRUCTION WORK
650 ## - SUBJECT ADDED ENTRY--TOPICAL TERM
Topical term or geographic name entry element BCIS ALL-IN TENDER PRICE INDEX
650 ## - SUBJECT ADDED ENTRY--TOPICAL TERM
Topical term or geographic name entry element INFLATION
650 ## - SUBJECT ADDED ENTRY--TOPICAL TERM
Topical term or geographic name entry element PUBLIC SECTOR FUNDING
650 ## - SUBJECT ADDED ENTRY--TOPICAL TERM
Topical term or geographic name entry element BCIS
690 ## - LOCAL SUBJECT ADDED ENTRY--TOPICAL TERM (OCLC, RLIN)
Topical term or geographic name as entry element BUILT ENVIRONMENT-BUILDING COSTS
942 ## - ADDED ENTRY ELEMENTS (KOHA)
Suppress in OPAC 0
Holdings
Withdrawn status Lost status Source of classification or shelving scheme Damaged status Not for loan Home library Current library Shelving location Date acquired Total Checkouts Full call number Barcode Date last seen Copy number Price effective from Koha item type
    Dewey Decimal Classification     London London News article 29/10/2003   WB3941-03 124170-1001 06/08/2019 1 06/08/2019 News article